Lieux Harry Potter - Statistiques

Statistiques générales
  • Ce quiz a été pris 107 fois
  • Le résultat moyen est 6 sur 8
Statistiques - réponses
Par images Réponse % Correct
Poudlard
100%
La Foret interdite
93%
Le chemin de traverse
88%
Le Ministère de la Magie
85%
Le terrier
76%
Poudlard Express
74%
Godric's Hollow
61%
Le manoir Malefoy
30%
Aucun quiz correspondant
Distribution des résultats
% des personnes avec chaque résultat
Percentile par nombre de réponses
Votre historique - résultats
Vous n’avez pas pris ce quiz